000 00568cam a22002291 4500
001 sa 67003929
003 DLC
005 20260227112342.0
008 900105s1966 ii b 000 0 kano
010 _asa 67003929
035 _a(OCoLC)20851286
040 _aDLC
_cWaU
_dDLC
042 _apremarc
050 0 0 _aPK2903
_b.K67
100 1 _aKr̥ṣṇakumār, Si. Pi.,
_d1939-
245 1 0 _aKāvyārādhana.
260 _c[1966]
300 _a7, 220 p.
_c19 cm.
500 _aIn Kannada.
504 _aBibliographical footnotes.
650 0 _aIndic literature.
999 _c74180
_d74180